000 00215 a2200097 4500
001 26430
100 _aFrench chaster D
245 _aPapaya the melon of health
260 _a
_bArco pub co
_c
090 _c17766
_d17766
942 _aNUST-CAE
_cM
_c8631
999 _c261503
_d261503